Concepts and methodology for labour market forecasts by occupation and qualification in the context of a flexible labour market (Registro nro. 6546)
[ vista simple ]
| 000 -CABECERA | |
|---|---|
| Longitud fija campo de control | 01687nam a2200433 c 4500 |
| 001 - NÚMERO DE CONTROL | |
| Número de control | 6546 |
| 003 - IDENTIFICADOR DE NÚMERO DE CONTROL | |
| Identificador del número de control | ES-MaCES |
| 005 - FECHA Y HORA DE LA ÚLTIMA TRANSACCIÓN | |
| Fecha y hora de la última transacción | 20180205141720.0 |
| 008 - CAMPO FIJO DE DESCRIPCIÓN FIJA--INFORMACIÓN GENERAL | |
| Códigos de información de longitud fija | 980225s1996 lu ||| | eng d |
| 020 ## - ISBN (INTERNATIONAL STANDARD BOOK NUMBER) | |
| Número Internacional Normalizado para Libros (ISBN) | 9282703800 |
| 035 ## - NÚMERO DE CONTROL DEL SISTEMA | |
| Número de control del sistema | CES19980066057m |
| 040 ## - FUENTE DE CATALOGACIÓN | |
| Centro catalogador de origen | ES-MaCES |
| Lengua de catalogación | spa |
| Centro transcriptor | ES-MaCES |
| 100 1# - ENCABEZAMIENTO PRINCIPAL--NOMBRE PERSONAL | |
| Nombre de persona | Borghans, Lex |
| 9 (RLIN) | 8092 |
| 245 10 - MENCIÓN DE TÍTULO | |
| Título | Concepts and methodology for labour market forecasts by occupation and qualification in the context of a flexible labour market |
| Mención de responsabilidad, etc. | authors, Lex Borghans, Andries de Grip, Hans Heijke ; Research Centre for Education and the Labour Market ; published by CEDEFOP, European Centre for the Development of Vocational Training |
| 250 ## - MENCIÓN DE EDICIÓN | |
| Mención de edición | 1st ed |
| 260 ## - PUBLICACIÓN, DISTRIBUCIÓN, ETC (PIE DE IMPRENTA) | |
| Lugar de publicación, distribución, etc. | Luxembourg |
| Nombre del editor, distribuidor, etc. | Office for Official Publications of the European Communities |
| Fecha de publicación, distribución, etc. | 1996 |
| 300 ## - DESCRIPCIÓN FÍSICA | |
| Extensión | VI,34 p. |
| Dimensiones | 30 cm |
| 490 1# - MENCIÓN DE SERIE | |
| Mención de serie | CEDEFOP document |
| 541 ## - NOTA DE LA FUENTE INMEDIANTE DE ADQUISICIÓN | |
| Forma de adquisición | Compra |
| 650 #4 - ASIENTO SECUNDARIO DE MATERIA--TÉRMINO DE MATERIA | |
| Término de materia o nombre geográfico como elemento inicial | mercado de trabajo |
| 9 (RLIN) | 28292 |
| 650 #4 - ASIENTO SECUNDARIO DE MATERIA--TÉRMINO DE MATERIA | |
| Término de materia o nombre geográfico como elemento inicial | flexibilidad del trabajo |
| 9 (RLIN) | 30174 |
| 650 #4 - ASIENTO SECUNDARIO DE MATERIA--TÉRMINO DE MATERIA | |
| Término de materia o nombre geográfico como elemento inicial | ocupación |
| 9 (RLIN) | 28402 |
| 650 #4 - ASIENTO SECUNDARIO DE MATERIA--TÉRMINO DE MATERIA | |
| Término de materia o nombre geográfico como elemento inicial | calificación profesional |
| 9 (RLIN) | 28319 |
| 650 #4 - ASIENTO SECUNDARIO DE MATERIA--TÉRMINO DE MATERIA | |
| Término de materia o nombre geográfico como elemento inicial | nivel educativo |
| 9 (RLIN) | 27448 |
| 650 #4 - ASIENTO SECUNDARIO DE MATERIA--TÉRMINO DE MATERIA | |
| Término de materia o nombre geográfico como elemento inicial | consecuencias económicas |
| 9 (RLIN) | 27082 |
| 650 #4 - ASIENTO SECUNDARIO DE MATERIA--TÉRMINO DE MATERIA | |
| Término de materia o nombre geográfico como elemento inicial | empleo |
| 9 (RLIN) | 28299 |
| 650 #4 - ASIENTO SECUNDARIO DE MATERIA--TÉRMINO DE MATERIA | |
| Término de materia o nombre geográfico como elemento inicial | predicción |
| 9 (RLIN) | 28899 |
| 650 #4 - ASIENTO SECUNDARIO DE MATERIA--TÉRMINO DE MATERIA | |
| Término de materia o nombre geográfico como elemento inicial | metodología |
| 9 (RLIN) | 28842 |
| 653 10 - TÉRMINO DE INDEXACIÓN--NO CONTROLADO | |
| Término no controlado | Empleo |
| 650 #4 - ASIENTO SECUNDARIO DE MATERIA--TÉRMINO DE MATERIA | |
| 9 (RLIN) | 29952 |
| Término de materia o nombre geográfico como elemento inicial | nivel de calificación |
| 700 1# - ENCABEZAMIENTO SECUNDARIO--NOMBRE PERSONAL | |
| Nombre de persona | Grip, Andries de |
| 9 (RLIN) | 14135 |
| 700 1# - ENCABEZAMIENTO SECUNDARIO--NOMBRE PERSONAL | |
| Nombre de persona | Heijke, Hans |
| 9 (RLIN) | 14575 |
| 710 2# - ENCABEZAMIENTO SECUNDARIO--NOMBRE CORPORATIVO | |
| Nombre de entidad o nombre de jurisdicción como elemento inicial | Research Centre for Education and the Labour Market (Maastricht) |
| 9 (RLIN) | 4919 |
| 710 2# - ENCABEZAMIENTO SECUNDARIO--NOMBRE CORPORATIVO | |
| 9 (RLIN) | 1909 |
| Nombre de entidad o nombre de jurisdicción como elemento inicial | Centro Europeo para el Desarrollo de la Formación Profesional |
| 830 #0 - ENCABEZAMIENTO SECUNDARIO DE COLECCIÓN--TÍTULO UNIFORME | |
| Título uniforme | CEDEFOP document |
| 9 (RLIN) | 32899 |
| 902 ## - CES. TIPO DE DOCUMENTO | |
| Tipodoc (006$c Sirtex) | DOC Literatura gris |
| 942 ## - ELEMENTOS KOHA | |
| Fuente de clasificaión o esquema | Clasificación propia del CES |
| Koha [por defecto] tipo de item | Monografías |
| Parte de clasificación | 2.1. |
| Número de registro | Signatura completa | Tipo de item de Koha |
|---|---|---|
| 023936 | DOC-2.1.-290 | Monografías |
